[Event "Open de Figueres Miquel Mas 2016"]
[Site "Figueres ESP"]
[Date "2016.08.13"]
[Round "3.3"]
[White "Gluhovsky, Mark"]
[Black "Oliva Castaneda, Kevel"]
[Result "1-0"]
[WhiteElo "2231"]
[BlackElo "2491"]
[PlyCount "119"]
[EventDate "2016.08.11"]
[EventType "swiss"]
[EventRounds "9"]
[EventCountry "ESP"]
[SourceTitle "Ajedrez en Madrid"]
[Source "lmi"]
[SourceDate "2016.08.11"]
[SourceVersion "1"]
[SourceVersionDate "2018.07.27"]
[SourceQuality "1"]

1. e4 c5 2. Nf3 e6 3. b3 b6 4. Nc3 Bb7 5. Bb2 a6 6. Be2 d6 7. d4 cxd4 8. Qxd4
Nf6 9. O-O-O Nc6 10. Qd2 Qc7 11. Kb1 b5 12. Bd3 Be7 13. Rhe1 O-O 14. g4 Rac8
15. g5 Ng4 16. Rg1 Nge5 17. Be2 b4 18. Na4 Nxf3 19. Bxf3 Ne5 20. Bg2 Bc6 21. f4
Nd7 22. f5 Bxa4 23. bxa4 Nb6 24. fxe6 Nc4 25. Qd3 Na3+ 26. Ka1 Nxc2+ 27. Kb1
Na3+ 28. Ka1 Nc4 29. Bh3 Nxb2 30. Kxb2 Qc3+ 31. Kb1 f6 32. g6 h6 33. Rg3 Qc6
34. Bf1 Qxa4 35. Rd2 Rc6 36. Rc2 Rfc8 37. Rgg2 Rc3 38. Qxa6 Qxc2+ 39. Rxc2 Rxc2
40. Bd3 R2c6 41. Qb7 R6c7 42. Qd5 f5 43. Ba6 Rc1+ 44. Kb2 R1c5 45. Bxc8 Rxd5
46. exd5 Kf8 47. Kb3 Ke8 48. Kxb4 Kd8 49. Ba6 Kc7 50. Ka5 Bf6 51. Bd3 f4 52.
Be2 Bd4 53. Kb5 Bf6 54. a4 Bd4 55. a5 Bf6 56. Bg4 Bd8 57. a6 Bf6 58. a7 Kb7 59.
a8=Q+ Kxa8 60. Kc6 1-0

[Event "Open de Figueres Miquel Mas 2016"]
[Site "Figueres ESP"]
[Date "2016.08.13"]
[Round "3.4"]
[White "Gomez Garrido, Camilo Ernesto"]
[Black "Vidal Zamora, Alex"]
[Result "1-0"]
[WhiteElo "2560"]
[BlackElo "2291"]
[PlyCount "89"]
[EventDate "2016.08.11"]
[EventType "swiss"]
[EventRounds "9"]
[EventCountry "ESP"]
[SourceTitle "Ajedrez en Madrid"]
[Source "lmi"]
[SourceDate "2016.08.11"]
[SourceVersion "1"]
[SourceVersionDate "2018.07.27"]
[SourceQuality "1"]

1. e4 c5 2. Nf3 e6 3. d4 cxd4 4. Nxd4 Nc6 5. Nc3 Qc7 6. g3 Nf6 7. Bg2 a6 8. O-O
d6 9. Re1 Nd7 10. Nxc6 bxc6 11. b3 Be7 12. Na4 Bb7 13. Bb2 O-O 14. Qg4 Bf6 15.
Bxf6 Nxf6 16. Qe2 c5 17. e5 Bxg2 18. exf6 Qc6 19. Qg4 g6 20. Re3 h5 21. Qf4 Kh7
22. f3 e5 23. Qe4 d5 24. Qh4 d4 25. Rxe5 Bxf3 26. Rae1 Rae8 27. Qf4 Rxe5 28.
Rxe5 Bh1 29. Qf2 Bf3 30. Nxc5 Rd8 31. Nd3 Qxf6 32. Re4 g5 33. Ne5 g4 34. Nxf3
Qxf3 35. Qxf3 gxf3 36. h4 Rc8 37. Rxd4 Rxc2 38. Ra4 Rg2+ 39. Kf1 Rxg3 40. Rxa6
Rg2 41. a4 Rb2 42. Rb6 f6 43. a5 Kg6 44. a6 Kf5 45. Rb4 1-0

[Event "Open de Figueres Miquel Mas 2016"]
[Site "Figueres ESP"]
[Date "2016.08.13"]
[Round "3.7"]
[White "Ortega Amarelle, Mariano"]
[Black "Renteria, Jorge"]
[Result "1-0"]
[WhiteElo "2432"]
[BlackElo "2264"]
[PlyCount "43"]
[EventDate "2016.08.11"]
[EventType "swiss"]
[EventRounds "9"]
[EventCountry "ESP"]
[SourceTitle "Ajedrez en Madrid"]
[Source "lmi"]
[SourceDate "2016.08.11"]
[SourceVersion "1"]
[SourceVersionDate "2018.07.27"]
[SourceQuality "1"]

1. c4 Nf6 2. Nf3 g6 3. g3 Bg7 4. Bg2 O-O 5. O-O d6 6. d4 c6 7. Nc3 Nbd7 8. e4
e5 9. h3 Qe7 10. Re1 Re8 11. Be3 a6 12. c5 exd4 13. cxd6 Qxd6 14. Bxd4 Qe7 15.
e5 Nh5 16. Qd2 Bf8 17. Ne4 Qd8 18. Nd6 Bxd6 19. exd6 Rxe1+ 20. Rxe1 Ng7 21. Ng5
f6 22. Re7 1-0

[Event "Open de Figueres Miquel Mas 2016"]
[Site "Figueres ESP"]
[Date "2016.08.13"]
[Round "3.8"]
[White "Sole Pijuan, Ferran"]
[Black "Aguero Jimenez, Luis Lazaro"]
[Result "0-1"]
[WhiteElo "1998"]
[BlackElo "2388"]
[PlyCount "54"]
[EventDate "2016.08.11"]
[EventType "swiss"]
[EventRounds "9"]
[EventCountry "ESP"]
[SourceTitle "Ajedrez en Madrid"]
[Source "lmi"]
[SourceDate "2016.08.11"]
[SourceVersion "1"]
[SourceVersionDate "2018.07.27"]
[SourceQuality "1"]

1. d4 d5 2. c4 dxc4 3. e3 Nf6 4. Bxc4 a6 5. Nf3 e6 6. O-O b5 7. Bb3 Bb7 8. Qe2
Nbd7 9. Nc3 c5 10. Rd1 Qb8 11. d5 c4 12. dxe6 fxe6 13. Bc2 Bd6 14. a3 O-O 15.
h3 Qc7 16. Ng5 Rae8 17. Nce4 Bh2+ 18. Kh1 h6 19. Nxf6+ Nxf6 20. Nf3 Bd6 21. Bd2
Bc6 22. Bc3 Nd5 23. e4 Nf4 24. Qe3 e5 25. Nh4 Bd7 26. Bxe5 Nd3 27. Nf3 Bc5 0-1

[Event "Open de Figueres Miquel Mas 2016"]
[Site "Figueres ESP"]
[Date "2016.08.13"]
[Round "3.9"]
[White "Bergez, Luc"]
[Black "Vilalta Vidal, Javier"]
[Result "1-0"]
[WhiteElo "2344"]
[BlackElo "2003"]
[PlyCount "53"]
[EventDate "2016.08.11"]
[EventType "swiss"]
[EventRounds "9"]
[EventCountry "ESP"]
[SourceTitle "Ajedrez en Madrid"]
[Source "lmi"]
[SourceDate "2016.08.11"]
[SourceVersion "1"]
[SourceVersionDate "2018.07.27"]
[SourceQuality "1"]

1. e4 c5 2. Nf3 d6 3. d4 cxd4 4. Nxd4 Nf6 5. Nc3 Nc6 6. Bg5 e6 7. Qd2 a6 8. f4
Bd7 9. O-O-O b5 10. Bxf6 gxf6 11. Kb1 Qb6 12. Nce2 Qa5 13. Qe3 Nb4 14. Nc3 Rc8
15. Be2 h5 16. Rhf1 Bh6 17. Nb3 Qc7 18. Qd4 a5 19. Qxf6 Rh7 20. Bxh5 a4 21. Nd4
a3 22. f5 e5 23. Ne6 Qc4 24. Be2 Nd3 25. Rxd3 Qb4 26. b3 Bd2 27. Nd5 1-0

[Event "Open de Figueres Miquel Mas 2016"]
[Site "Figueres ESP"]
[Date "2016.08.13"]
[Round "3.12"]
[White "Parals Marce, Luis"]
[Black "Arambulo, Henry Jose"]
[Result "1-0"]
[WhiteElo "2053"]
[BlackElo "1700"]
[PlyCount "56"]
[EventDate "2016.08.11"]
[EventType "swiss"]
[EventRounds "9"]
[EventCountry "ESP"]
[SourceTitle "Ajedrez en Madrid"]
[Source "lmi"]
[SourceDate "2016.08.11"]
[SourceVersion "1"]
[SourceVersionDate "2018.07.27"]
[SourceQuality "1"]

1. d4 Nf6 2. Nf3 e6 3. e3 b6 4. Bd3 Bb7 5. O-O d5 6. b3 Be7 7. Bb2 O-O 8. Nbd2
c5 9. Ne5 Nc6 10. a3 Rc8 11. Qf3 Qc7 12. Qh3 cxd4 13. exd4 Nxe5 14. dxe5 Ne4
15. c4 Ng5 16. Qe3 dxc4 17. Nxc4 Qc6 18. Qg3 Ne4 19. Bxe4 Qxe4 20. Nd6 Bxd6 21.
exd6 Qg6 22. Rac1 Rxc1 23. Rxc1 Rd8 24. Be5 f6 25. Qxg6 hxg6 26. Rc7 Bd5 27. d7
Kf7 28. Bd6 a5 1-0

[Event "Open de Figueres Miquel Mas 2016"]
[Site "Figueres ESP"]
[Date "2016.08.13"]
[Round "3.13"]
[White "Pinsach Gelabert, Alexandre"]
[Black "Salleras Mercader, Josep M."]
[Result "1/2-1/2"]
[WhiteElo "2077"]
[BlackElo "1640"]
[PlyCount "80"]
[EventDate "2016.08.11"]
[EventType "swiss"]
[EventRounds "9"]
[EventCountry "ESP"]
[SourceTitle "Ajedrez en Madrid"]
[Source "lmi"]
[SourceDate "2016.08.11"]
[SourceVersion "1"]
[SourceVersionDate "2018.07.27"]
[SourceQuality "1"]

1. e4 e6 2. d4 c5 3. d5 Qb6 4. c4 e5 5. Nc3 d6 6. Bd3 g6 7. Nge2 Bg7 8. O-O Ne7
9. Rb1 O-O 10. a3 Qd8 11. b4 b6 12. bxc5 bxc5 13. Bg5 f6 14. Bd2 f5 15. Qe1 f4
16. f3 g5 17. Nb5 a5 18. Na7 Rxa7 19. Rxb8 Qc7 20. Rb5 a4 21. Ba5 Qd7 22. Nc3
Ba6 23. Bb6 Bxb5 24. Bxa7 Bxc4 25. Bxc4 Qxa7 26. Bb5 Nc8 27. Bxa4 Nb6 28. Bc6
c4 29. Nb5 Qa6 30. Qb4 Rd8 31. Nxd6 Bf8 32. Qb5 Qxa3 33. Nb7 Qe3+ 34. Kh1 Rc8
35. Na5 c3 36. Qb3 Kh8 37. h3 Qc5 38. Nb7 Qc4 39. Qxc4 Nxc4 40. Rc1 Bb4 1/2-1/2

[Event "Open de Figueres Miquel Mas 2016"]
[Site "Figueres ESP"]
[Date "2016.08.13"]
[Round "4.1"]
[White "Cordova, Emilio"]
[Black "Gluhovsky, Mark"]
[Result "1-0"]
[WhiteElo "2627"]
[BlackElo "2231"]
[PlyCount "133"]
[EventDate "2016.08.11"]
[EventType "swiss"]
[EventRounds "9"]
[EventCountry "ESP"]
[SourceTitle "Ajedrez en Madrid"]
[Source "lmi"]
[SourceDate "2016.08.11"]
[SourceVersion "1"]
[SourceVersionDate "2018.07.27"]
[SourceQuality "1"]

1. d4 g6 2. Nf3 Nf6 3. Bf4 Bg7 4. e3 d6 5. h3 O-O 6. Be2 Nc6 7. c3 Nd7 8. a4 e5
9. Bh2 f5 10. dxe5 Ndxe5 11. Na3 Nxf3+ 12. Bxf3 Ne5 13. Bd5+ Kh8 14. Nc4 c6 15.
Nxe5 dxe5 16. Bc4 Qh4 17. Qe2 f4 18. e4 Qe7 19. f3 Be6 20. Bg1 Rfd8 21. Bf2 Rd7
22. Rd1 Rxd1+ 23. Kxd1 Qf7 24. Bxe6 Qxe6 25. c4 Rd8+ 26. Kc2 a6 27. b3 Qd6 28.
c5 Qe6 29. Rd1 Bf6 30. Rxd8+ Bxd8 31. Qd2 Be7 32. Qa5 Qd7 33. Qc3 Bf6 34. Be1
Kg7 35. Qc4 g5 36. Bc3 h5 37. Bb2 Kf8 38. Qb4 Kf7 39. Bc3 Kf8 40. Qb6 Kf7 41.
Kb2 Ke6 42. Qb4 Ke7 43. Qc4 Qe6 44. Qe2 Qd7 45. Ka3 Kf7 46. b4 Ke7 47. b5 axb5
48. axb5 Kf7 49. Kb4 Qe6 50. bxc6 bxc6 51. Qa6 Qd7 52. Qa8 h4 53. Qb8 Ke6 54.
Qg8+ Qf7 55. Qxf7+ Kxf7 56. Ka5 Ke6 57. Kb6 Kd7 58. Kb7 Bg7 59. Ba5 Bf8 60. Bb6
Be7 61. Ba7 Bf8 62. Kb6 Be7 63. Bb8 Bf6 64. Bd6 Bg7 65. Kb7 Bf6 66. Bf8 Bh8 67.
Be7 1-0

[Event "Open de Figueres Miquel Mas 2016"]
[Site "Figueres ESP"]
[Date "2016.08.13"]
[Round "4.2"]
[White "Sandipan, Chanda"]
[Black "Movsziszian, Karen"]
[Result "1-0"]
[WhiteElo "2572"]
[BlackElo "2495"]
[PlyCount "76"]
[EventDate "2016.08.11"]
[EventType "swiss"]
[EventRounds "9"]
[EventCountry "ESP"]
[SourceTitle "Ajedrez en Madrid"]
[Source "lmi"]
[SourceDate "2016.08.11"]
[SourceVersion "1"]
[SourceVersionDate "2018.07.27"]
[SourceQuality "1"]

1. d4 d6 2. Nf3 g6 3. e4 Nf6 4. Bd3 Bg7 5. O-O O-O 6. Nbd2 Nc6 7. c3 e5 8. h3
Nh5 9. Nb3 h6 10. Be3 Nf4 11. Bxf4 exf4 12. Re1 Re8 13. Bc2 g5 14. Qd3 Ne7 15.
Re2 Ng6 16. e5 dxe5 17. Nxe5 Bxe5 18. Rae1 a5 19. Rxe5 Rxe5 20. Rxe5 a4 21. Nc5
Kf8 22. Re1 a3 23. b4 b6 24. Qf3 Rb8 25. Qh5 Kg7 26. Re6 Qh8 27. Rc6 bxc5 28.
Rxc7 Qh7 29. Bb3 Rb7 30. Rxc8 cxd4 31. cxd4 Rxb4 32. Bxf7 Ne7 33. Rc7 Qb1+ 34.
Kh2 Rb7 35. Rc5 Qb2 36. Bc4 Ng6 37. Rc6 Qb1 38. Qe2 Re7 1-0

[Event "Open de Figueres Miquel Mas 2016"]
[Site "Figueres ESP"]
[Date "2016.08.13"]
[Round "4.3"]
[White "Ortega Amarelle, Mariano"]
[Black "Gomez Garrido, Camilo Ernesto"]
[Result "1/2-1/2"]
[WhiteElo "2432"]
[BlackElo "2560"]
[PlyCount "22"]
[EventDate "2016.08.11"]
[EventType "swiss"]
[EventRounds "9"]
[EventCountry "ESP"]
[SourceTitle "Ajedrez en Madrid"]
[Source "lmi"]
[SourceDate "2016.08.11"]
[SourceVersion "1"]
[SourceVersionDate "2018.07.27"]
[SourceQuality "1"]

1. d4 d5 2. c4 c6 3. Nc3 Nf6 4. cxd5 cxd5 5. Bf4 Nc6 6. e3 a6 7. Bd3 e6 8. Rc1
Bd6 9. Bxd6 Qxd6 10. f4 Bd7 11. Nf3 O-O 1/2-1/2

[Event "Open de Figueres Miquel Mas 2016"]
[Site "Figueres ESP"]
[Date "2016.08.13"]
[Round "4.4"]
[White "Aroshidze, Levan"]
[Black "Campos Moreno, Javier B."]
[Result "1/2-1/2"]
[WhiteElo "2520"]
[BlackElo "2412"]
[PlyCount "101"]
[EventDate "2016.08.11"]
[EventType "swiss"]
[EventRounds "9"]
[EventCountry "ESP"]
[SourceTitle "Ajedrez en Madrid"]
[Source "lmi"]
[SourceDate "2016.08.11"]
[SourceVersion "1"]
[SourceVersionDate "2018.07.27"]
[SourceQuality "1"]

1. e4 e5 2. Nf3 Nc6 3. Bb5 a6 4. Ba4 Nf6 5. d3 b5 6. Bb3 Bc5 7. Nc3 d6 8. Nd5
h6 9. c3 Be6 10. O-O Bxd5 11. exd5 Ne7 12. d4 exd4 13. Nxd4 Qd7 14. Ne2 O-O 15.
Nf4 Rfe8 16. a4 Qg4 17. h3 Qxd1 18. Rxd1 Ng6 19. Nd3 Bb6 20. Kf1 Ne4 21. Re1
Nc5 22. Rxe8+ Rxe8 23. Nxc5 Bxc5 24. Bd2 Ne5 25. Bc2 Rb8 26. b4 Bb6 27. a5 Ba7
28. Re1 Kf8 29. Bc1 c5 30. dxc6 Rc8 31. Be4 Nxc6 32. Rd1 Ke7 33. Bd2 Rc7 34.
Be1 Ne5 35. Bd5 g5 36. Be4 Ke6 37. Bd5+ Ke7 38. g3 f5 39. Ke2 Nc4 40. h4 Nb2
41. Rb1 Nc4 42. hxg5 hxg5 43. Rd1 g4 44. Ra1 Kf6 45. Ra2 Ke5 46. Bg2 d5 47. Kd3
Kf6 48. Bd2 Nxd2 49. Rxd2 Rd7 50. Re2 d4 51. f3 1/2-1/2

[Event "Open de Figueres Miquel Mas 2016"]
[Site "Figueres ESP"]
[Date "2016.08.14"]
[Round "5.1"]
[White "Sandipan, Chanda"]
[Black "Cordova, Emilio"]
[Result "0-1"]
[WhiteElo "2572"]
[BlackElo "2627"]
[PlyCount "72"]
[EventDate "2016.08.11"]
[EventType "swiss"]
[EventRounds "9"]
[EventCountry "ESP"]
[SourceTitle "Ajedrez en Madrid"]
[Source "lmi"]
[SourceDate "2016.08.11"]
[SourceVersion "1"]
[SourceVersionDate "2018.07.27"]
[SourceQuality "1"]

1. d4 Nf6 2. c4 c5 3. d5 b5 4. cxb5 a6 5. bxa6 g6 6. Nc3 Bg7 7. e4 O-O 8. a7
Rxa7 9. Nf3 e6 10. Be2 exd5 11. e5 Ng4 12. Bg5 Qa5 13. O-O d4 14. Nb5 Nxe5 15.
Nxe5 Bxe5 16. Nxa7 Qxa7 17. f4 Bh8 18. Bc4 Bb7 19. Qb3 d3 20. Rf2 Bd4 21. Raf1
Qa8 22. Qxd3 Bxg2 23. Re1 Bh1 24. Qg3 Bd5 25. Bxd5 Qxd5 26. Bh6 Rc8 27. f5
Bxf2+ 28. Qxf2 Nc6 29. f6 Ne5 30. Qg2 Qe6 31. Rf1 Qxa2 32. Bf4 Qe6 33. Bxe5
Qxe5 34. Qh3 Rc6 35. Qh4 h5 36. b3 Kh7 0-1

[Event "Open de Figueres Miquel Mas 2016"]
[Site "Figueres ESP"]
[Date "2016.08.14"]
[Round "5.2"]
[White "Gomez Garrido, Camilo Ernesto"]
[Black "Aguero Jimenez, Luis Lazaro"]
[Result "1/2-1/2"]
[WhiteElo "2560"]
[BlackElo "2388"]
[PlyCount "147"]
[EventDate "2016.08.11"]
[EventType "swiss"]
[EventRounds "9"]
[EventCountry "ESP"]
[SourceTitle "Ajedrez en Madrid"]
[Source "lmi"]
[SourceDate "2016.08.11"]
[SourceVersion "1"]
[SourceVersionDate "2018.07.27"]
[SourceQuality "1"]

1. e4 c5 2. Nf3 d6 3. c3 Nf6 4. h3 g6 5. Bd3 Bg7 6. Bc2 e5 7. O-O O-O 8. d4
exd4 9. cxd4 Nc6 10. Be3 cxd4 11. Nxd4 Nb4 12. Nc3 Nxc2 13. Qxc2 Re8 14. Rad1
a6 15. Bf4 Bd7 16. Nde2 Rc8 17. Ng3 h5 18. f3 h4 19. Nge2 d5 20. exd5 Bb5 21.
Rf2 Nh5 22. Qd2 Nxf4 23. Nxf4 Bh6 24. Nxb5 axb5 25. d6 Rc4 26. d7 Rf8 27. Ne6
Bxd2 28. Nxd8 Be3 29. Nxb7 Rc2 30. Rdf1 Rd2 31. d8=Q Rfxd8 32. Nxd8 Bxf2+ 33.
Rxf2 Rd1+ 34. Kh2 Rxd8 35. Re2 Rd5 36. Kg1 f5 37. Kf2 Kf7 38. b3 Kf6 39. a4 Rd3
40. Ra2 Rxb3 41. a5 Rc3 42. a6 Rc8 43. a7 Ra8 44. Ke3 Ke5 45. Ra5 Kd6 46. Rxb5
Rxa7 47. Rb6+ Ke5 48. Rxg6 Ra3+ 49. Kf2 Kf4 50. Rg8 Ra2+ 51. Kg1 Ra1+ 52. Kh2
Rb1 53. Rh8 Kg5 54. f4+ Kxf4 55. Rxh4+ Kg5 56. Rh8 f4 57. Rg8+ Kh5 58. Rg4 Rf1
59. Rg8 Rb1 60. Rc8 Kg5 61. Rc5+ Kg6 62. h4 Rb3 63. Rg5+ Kh6 64. Rf5 Rb4 65.
Kg1 Kg6 66. Rg5+ Kf6 67. Kf2 Rb3 68. Rg8 Ra3 69. Rf8+ Ke5 70. Rg8 Kf5 71. Rg5+
Kf6 72. Rg8 Kf5 73. Rg7 Rb3 74. Rg8 1/2-1/2

[Event "Open de Figueres Miquel Mas 2016"]
[Site "Figueres ESP"]
[Date "2016.08.14"]
[Round "5.3"]
[White "Gluhovsky, Mark"]
[Black "Aroshidze, Levan"]
[Result "1-0"]
[WhiteElo "2231"]
[BlackElo "2520"]
[PlyCount "67"]
[EventDate "2016.08.11"]
[EventType "swiss"]
[EventRounds "9"]
[EventCountry "ESP"]
[SourceTitle "Ajedrez en Madrid"]
[Source "lmi"]
[SourceDate "2016.08.11"]
[SourceVersion "1"]
[SourceVersionDate "2018.07.27"]
[SourceQuality "1"]

1. e4 c5 2. Nf3 e6 3. b3 b6 4. Bb2 Bb7 5. Nc3 a6 6. Bd3 d6 7. O-O Nc6 8. Re1
Qc7 9. a4 Nf6 10. Bc4 Be7 11. d4 cxd4 12. Nxd4 O-O 13. Nxc6 Bxc6 14. Qe2 Qb7
15. Rad1 Rfe8 16. Bd3 Nd7 17. b4 Ne5 18. b5 axb5 19. axb5 Bd7 20. f4 Nxd3 21.
Qxd3 Red8 22. Qg3 Bf8 23. f5 exf5 24. Nd5 Kh8 25. exf5 Bxf5 26. c4 Be6 27. Qh4
Bxd5 28. Rxd5 Re8 29. Rf1 Re2 30. Bd4 Raa2 31. Bxg7+ Kg8 32. Bb2 Rxg2+ 33. Kxg2
Rxb2+ 34. Kh1 1-0

[Event "Open de Figueres Miquel Mas 2016"]
[Site "Figueres ESP"]
[Date "2016.08.14"]
[Round "5.4"]
[White "Campos Moreno, Javier B."]
[Black "Oliva Castaneda, Kevel"]
[Result "1/2-1/2"]
[WhiteElo "2412"]
[BlackElo "2491"]
[PlyCount "33"]
[EventDate "2016.08.11"]
[EventType "swiss"]
[EventRounds "9"]
[EventCountry "ESP"]
[SourceTitle "Ajedrez en Madrid"]
[Source "lmi"]
[SourceDate "2016.08.11"]
[SourceVersion "1"]
[SourceVersionDate "2018.07.27"]
[SourceQuality "1"]

1. d4 d5 2. c4 e6 3. Nc3 c6 4. Nf3 Nf6 5. Qb3 dxc4 6. Qxc4 b5 7. Qb3 Nbd7 8.
Bg5 h6 9. Bh4 Qa5 10. e3 a6 11. Be2 c5 12. O-O Bb7 13. a3 Be7 14. dxc5 Nxc5 15.
Qa2 Qb6 16. b4 Nce4 17. Nxe4 1/2-1/2

[Event "Open de Figueres Miquel Mas 2016"]
[Site "Figueres ESP"]
[Date "2016.08.14"]
[Round "5.5"]
[White "Movsziszian, Karen"]
[Black "Ortega Amarelle, Mariano"]
[Result "1/2-1/2"]
[WhiteElo "2495"]
[BlackElo "2432"]
[PlyCount "100"]
[EventDate "2016.08.11"]
[EventType "swiss"]
[EventRounds "9"]
[EventCountry "ESP"]
[SourceTitle "Ajedrez en Madrid"]
[Source "lmi"]
[SourceDate "2016.08.11"]
[SourceVersion "1"]
[SourceVersionDate "2018.07.27"]
[SourceQuality "1"]

1. g3 e5 2. Bg2 d5 3. d3 Nf6 4. Nf3 Nc6 5. O-O Be7 6. c4 O-O 7. cxd5 Nxd5 8.
Nc3 Nb6 9. a3 Be6 10. b4 f6 11. Bb2 a5 12. b5 Nd4 13. Nd2 c6 14. bxc6 Nxc6 15.
a4 Qd7 16. Nb5 Rfc8 17. Ne4 Nd4 18. Bxd4 exd4 19. Qb1 Bb4 20. Qd1 h6 21. Nd2
Nxa4 22. Qxa4 Bxd2 23. Nxd4 Qxa4 24. Rxa4 Bd7 25. Rc4 Rab8 26. Rb1 Rxc4 27.
dxc4 Bb4 28. e3 Kf8 29. Kf1 Rc8 30. Nc2 Rxc4 31. Nxb4 Rxb4 32. Rxb4 axb4 33.
Bxb7 Bb5+ 34. Ke1 Ke7 35. Kd2 Kd6 36. h4 Kc5 37. Be4 Bc4 38. Bg6 Be6 39. Bd3
Bc4 40. Bg6 Kd6 41. f4 Ke6 42. g4 Kd5 43. Kc2 Kc5 44. Kb2 Be6 45. g5 hxg5 46.
fxg5 fxg5 47. hxg5 Kd6 48. Bd3 Ke5 49. Bc2 Bd5 50. Bg6 Be4 1/2-1/2

[Event "Open de Figueres Miquel Mas 2016"]
[Site "Figueres ESP"]
[Date "2016.08.14"]
[Round "5.6"]
[White "Cuadras Avellana, Jordi"]
[Black "Cardenas Serrano, Sergio"]
[Result "1-0"]
[WhiteElo "2303"]
[BlackElo "2071"]
[PlyCount "65"]
[EventDate "2016.08.11"]
[EventType "swiss"]
[EventRounds "9"]
[EventCountry "ESP"]
[SourceTitle "Ajedrez en Madrid"]
[Source "lmi"]
[SourceDate "2016.08.11"]
[SourceVersion "1"]
[SourceVersionDate "2018.07.27"]
[SourceQuality "1"]

1. e4 e6 2. d4 d5 3. Nc3 Bb4 4. exd5 exd5 5. Bd3 Nf6 6. Nge2 Bg4 7. f3 Bh5 8.
O-O O-O 9. Bg5 c6 10. Ng3 Bg6 11. Nf5 Re8 12. Re1 Nbd7 13. Rxe8+ Qxe8 14. Qd2
Ne4 15. fxe4 dxe4 16. Nxg7 Kxg7 17. Bc4 Nb6 18. Bb3 Nd5 19. Bxd5 cxd5 20. Bh6+
Kg8 21. Qg5 Bxc3 22. Qf6 Bxd4+ 23. Qxd4 f6 24. Qxf6 Qf7 25. Qd4 b5 26. Rf1 Qb7
27. Rf6 Re8 28. h4 Qd7 29. b4 e3 30. Qxe3 Be4 31. Qc5 Qc8 32. Qxa7 Qg4 33. Qf7+
1-0

[Event "Open de Figueres Miquel Mas 2016"]
[Site "Figueres ESP"]
[Date "2016.08.14"]
[Round "5.7"]
[White "Bergez, Luc"]
[Black "Mellado Trivino, Juan"]
[Result "1-0"]
[WhiteElo "2344"]
[BlackElo "2427"]
[PlyCount "145"]
[EventDate "2016.08.11"]
[EventType "swiss"]
[EventRounds "9"]
[EventCountry "ESP"]
[SourceTitle "Ajedrez en Madrid"]
[Source "lmi"]
[SourceDate "2016.08.11"]
[SourceVersion "1"]
[SourceVersionDate "2018.07.27"]
[SourceQuality "1"]

1. d4 d5 2. c4 dxc4 3. e3 e5 4. Bxc4 exd4 5. exd4 Nf6 6. Nf3 Bd6 7. O-O O-O 8.
Bg5 h6 9. Bh4 Nc6 10. Nbd2 g5 11. Bg3 Bf5 12. Nb3 Ne4 13. Re1 Nxg3 14. hxg3 Qf6
15. a3 Rad8 16. Bd5 Bb4 17. Bxf7+ Rxf7 18. axb4 Nxb4 19. Rxa7 Nc2 20. Re5 g4
21. Nh4 Qxe5 22. Ra8 Rff8 23. Ra5 b5 24. Kh2 Nxd4 25. Nxd4 Rxd4 26. Qb3+ Be6
27. Qc2 Bf5 28. Qb3+ Qe6 29. Qxb5 Be4 30. Qe2 Rd5 31. Ra6 c6 32. b4 Re5 33. Qb2
Qf6 34. b5 Rxb5 35. Qe2 Bf5 36. Qc4+ Qe6 37. Qc3 Rb3 38. Qc5 Qd5 39. Qc1 Rf6
40. Qa1 Rd6 41. Ra8+ Rd8 42. Nxf5 Rb7 43. Qa6 Rh7 44. Rxd8+ Qxd8 45. Qxc6 h5
46. Qe6+ Kf8 47. Nh4 Qg5 48. Qc8+ Kf7 49. Nf5 Qf6 50. Qd7+ Kg6 51. Qd6 Qxd6 52.
Nxd6 Re7 53. f3 Re2 54. Kg1 Kf6 55. Kf1 Ra2 56. Ne4+ Ke5 57. Nf2 Kd4 58. fxg4
Ke3 59. Nd1+ Kd2 60. gxh5 Kxd1 61. g4 Ra4 62. Kf2 Rxg4 63. Kf3 Rg8 64. g4 Kd2
65. Kf4 Kd3 66. g5 Kd4 67. g6 Rf8+ 68. Kg5 Ke5 69. g7 Rf1 70. Kg6 Rg1+ 71. Kf7
Kf5 72. h6 Ra1 73. g8=Q 1-0

[Event "Open de Figueres Miquel Mas 2016"]
[Site "Figueres ESP"]
[Date "2016.08.14"]
[Round "5.8"]
[White "Izagirre Alsua, Aritz"]
[Black "Vidal Zamora, Alex"]
[Result "0-1"]
[WhiteElo "1913"]
[BlackElo "2291"]
[PlyCount "98"]
[EventDate "2016.08.11"]
[EventType "swiss"]
[EventRounds "9"]
[EventCountry "ESP"]
[SourceTitle "Ajedrez en Madrid"]
[Source "lmi"]
[SourceDate "2016.08.11"]
[SourceVersion "1"]
[SourceVersionDate "2018.07.27"]
[SourceQuality "1"]

1. e4 c5 2. Nc3 Nc6 3. g3 Nf6 4. Bg2 d6 5. f4 g6 6. Nf3 Bg7 7. d3 Bd7 8. O-O
Qc8 9. Kh1 Bg4 10. Ne2 h5 11. c3 c4 12. Qc2 cxd3 13. Qxd3 Nd7 14. Ned4 Nc5 15.
Qe3 Bh3 16. Bd2 Bxg2+ 17. Kxg2 a6 18. Rae1 Nd7 19. h3 Qc7 20. Qf2 Rc8 21. Be3
b5 22. a3 Qb7 23. Bc1 Rc7 24. Kg1 O-O 25. Qe3 Qb6 26. Nxc6 Rxc6 27. Qxb6 Nxb6
28. e5 dxe5 29. Nxe5 Bxe5 30. Rxe5 e6 31. g4 hxg4 32. hxg4 f5 33. gxf5 gxf5 34.
Re2 Kf7 35. Be3 Nd5 36. Bd4 Rg8+ 37. Rg2 Rcc8 38. Kf2 Nxf4 39. Rxg8 Rxg8 40.
Kf3 Ng6 41. a4 e5 42. Bf2 e4+ 43. Ke2 bxa4 44. Bc5 Ke6 45. Rd1 Nf4+ 46. Ke3 Nd3
47. Ba3 f4+ 48. Ke2 Rg2+ 49. Kf1 Rc2 0-1

[Event "Open de Figueres Miquel Mas 2016"]
[Site "Figueres ESP"]
[Date "2016.08.14"]
[Round "5.9"]
[White "Pinsach Gelabert, Alexandre"]
[Black "Renteria, Jorge"]
[Result "0-1"]
[WhiteElo "2077"]
[BlackElo "2264"]
[PlyCount "102"]
[EventDate "2016.08.11"]
[EventType "swiss"]
[EventRounds "9"]
[EventCountry "ESP"]
[SourceTitle "Ajedrez en Madrid"]
[Source "lmi"]
[SourceDate "2016.08.11"]
[SourceVersion "1"]
[SourceVersionDate "2018.07.27"]
[SourceQuality "1"]

1. e4 c5 2. Nf3 d6 3. d4 cxd4 4. Nxd4 Nf6 5. Nc3 a6 6. Qf3 Bd7 7. Nd5 e6 8.
Nxf6+ gxf6 9. Be3 Nc6 10. O-O-O h5 11. Be2 Rc8 12. Kb1 Be7 13. Qg3 Nxd4 14.
Rxd4 Kf8 15. f4 h4 16. Qf2 e5 17. Rd2 Qc7 18. Rg1 b5 19. g4 hxg3 20. Qxg3 Ke8
21. Bg4 Qc4 22. Bf5 Bxf5 23. exf5 Qe4 24. Re1 Qxf5 25. Qg7 Rh7 26. Qg8+ Bf8 27.
fxe5 fxe5 28. Rxd6 Qxc2+ 29. Ka1 Rg7 30. Qh8 Qh7 31. Qxh7 Rxh7 32. Rxa6 Be7 33.
Re2 Rh4 34. Ra7 f6 35. a3 Re4 36. Rxe7+ Kxe7 37. Bc5+ Ke6 38. Rxe4 Rxc5 39. Kb1
f5 40. b4 Rc3 41. Kb2 Rh3 42. Re2 f4 43. a4 bxa4 44. b5 Rb3+ 45. Ka2 Rxb5 46.
Ka3 f3 47. Rf2 e4 48. Kxa4 Rb8 49. h4 Ke5 50. h5 Kf4 51. h6 Kg3 0-1